市ドボンクイズ - Statistics

General Stats
  • This quiz has been taken 7,826 times
  • The average score is 7 of 15
Answers on the Grid
Answers color-coded by a green-red scale on the quiz's grid according to % correct below.
たつの
橋本
八千代
大和
白川
周防
武雄
北広島
福江
豊島
小林
津久見
松島
小豆島
鏡野
香美
丹後
小浜
小諸
下呂
五日市
中央
西久留米
三宮
津田沼
大船
清水
茨城
沼田
長井
 
Answer Stats
Answer % Correct
北広島
66%
たつの
58%
大和
57%
八千代
56%
小浜
55%
下呂
55%
沼田
50%
武雄
49%
小諸
49%
橋本
46%
小林
46%
中央
45%
香美
39%
津久見
37%
長井
37%
No matching quizzes found
Score Distribution
Percent of People with Each Score
Percentile by Number Answered
Your Score History
You have not taken this quiz